| 000 | 00721cam3a220022900 4500 | ||
|---|---|---|---|
| 001 | qcf00232056 | ||
| 005 | 20190816084809.0 | ||
| 008 | 760709s1934 fr 000 0 fre | ||
| 010 | _a 35005534 | ||
| 035 | _a(Sirsi) r124081 | ||
| 035 | _a(QCAT)lss01307764 | ||
| 035 | _a(UPRA)qcf00232056 | ||
| 040 | _dUPRA | ||
| 050 | 0 |
_aPQ2613.U187 _bJ6 1934 |
|
| 082 | _a843.91 | ||
| 100 | 1 |
_aGuehenno, Jean, 1890- _dGuehenno, Jean, 1890- _6A91539.1 |
|
| 245 | 1 | 0 | _aJournal d'un homme de 40 ans. |
| 260 |
_aParis : _bB. Grasset, _c[1934] |
||
| 500 | _a"Cet ouvrage a paru precedemment dans la collection 'Pour mon plaisir'."--2d leaf at end. | ||
| 949 |
_aPQ2613.U187 _wlcc _i-178300 _mMAIN _tBOOK _lON-SHELF |
||
| 004 | 124081 | ||
| 999 |
_c79779 _d79779 |
||